| 000 | 00520nam a22002177a 4500 | ||
|---|---|---|---|
| 003 | UA-OsUOA | ||
| 001 | 56391 | ||
| 007 | ta | ||
| 008 | 20081020b un ||||| |||| 00| 0 ukr d | ||
| 100 | _aКапсамун І. | ||
| 090 |
_a908 _bК-12 |
||
| 942 | _cSA | ||
| 040 |
_aUA-OsUOA _bukr _cUA-OsUOA _dUA-OsUOA |
||
| 245 | _aІгор Пасічник : Я - просто ректор | ||
| 300 | _aС.2 | ||
| 955 | _a0 | ||
| 041 | _aukr | ||
| 080 | _a908 | ||
| 773 | 0 | _w56390 | |
| 650 | 7 |
_a908 Краєзнавство _2UDC |
|
| 999 |
_c342475 _d342475 |
||